| 000 | 00373nam a2200145Ia 4500 | ||
|---|---|---|---|
| 999 |
_c10830 _d10830 |
||
| 008 | 191201s2011 xx 000 0 und d | ||
| 082 |
_a302.23 _bMCM |
||
| 100 | _aMCQUAIL, Denis | ||
| 245 | 0 | _aMcQuail's Mass Communication Theory | |
| 250 | _a6th | ||
| 260 |
_aNew Delhi _bSAGE Pub _c2010 |
||
| 300 | _a621 | ||
| 650 | _aBachelor of Mass Communication | ||
| 942 |
_2ddc _cBK |
||